000 00990nam a22003017a 4500
003 CHAP
005 20220329134559.0
008 971013s r 00010 d
010 _a22496
011 _a23468
035 _a27564
040 _cCHAP
090 _aFolleto 7747
110 _aComisión Coordinadora para el Desarrollo Agrícola y Ganadero del Estado de México
_925665
245 _aSegundo concurso del mejoramiento de los pueblos
260 _a(s.l.) :
_b(s.e.),
_c(s.a.)
300 _a20 p.
590 _aBATCH-UPD
_b10
_c20130110
_lUCH01
_h2032
590 _aBATCH-UPD
_b10
_c20130409
_lUCH01
_h2127
590 _aBATCH-UPD
_b10
_c20130410
_lUCH01
_h1348
590 _aBATCH-UPD
_b10
_c20130913
_lUCH01
_h2136
590 _aCONVERSION
_b10
_c20130109
_lUCH01
_h1313
650 1 4 _aAgricultura cooperativa
_xMéxico (Edo.)
_91976
650 1 4 _aAgricultura
_zMexico (Edo.).
_91934
901 _aBK
942 _cFOLL
949 _aFolleto 7747
_bBC
_cFOLL
_d-63928
_eTS1
_i27564
_mD
_si
999 _c22496
_d22496